| 000 | 00721cam a2200253 a 4500 | ||
|---|---|---|---|
| 001 | 4001284 | ||
| 005 | 20180313053550.0 | ||
| 008 | 960823t19961994nyuac 001 0 eng d | ||
| 010 | _a 96069110 | ||
| 020 | _a1556705093 | ||
| 035 | _a(OCoLC)35669330 | ||
| 040 |
_aIStw _cIStw _dNBuBE _dNjLakG _dDLC |
||
| 041 | _aeng | ||
| 042 | _alccopycat | ||
| 043 | _ae------ | ||
| 080 | _a759.94 wen | ||
| 082 | 0 | 0 |
_a759.94 wen _221 |
| 100 | 1 | _a43 | |
| 101 | _aart | ||
| 245 | 1 | 0 |
_aSister Wendy's grand tour : _cWendy Beckett. |
| 906 |
_a7 _bcbc _ccopycat _d2 _eopcn _f19 _gy-gencatlg |
||
| 942 |
_2ddc _cBK |
||
| 999 |
_c44860 _d44860 |
||